عرض عادي
عرض مارك
- ابن عبد ربه، محمد بن علي بن محمد
مدخل إسم شخص
001 - رقم الضبط
- حقل الضبط: 13729
003 - معرف رقم الضبط
- حقل الضبط: OSt
005 - تاريخ ووقت أخر عملية
- حقل الضبط: 20120511184153.0
008 - عناصر بيانات ثابتة الطول
- حقل تحكم ثابت الطول: 120511|||a|||||| | ||| d
040 ## - مصدر الفهرسة
- هيئة الفهرسة الأصلية: OSt
- وكالة الكتابة: OSt
100 ## - مدخل -- أسم شخص
- إسم شخص: ابن عبد ربه، محمد بن علي بن محمد
670 ## - بيانات المصدر موجوده
- الاستشهاد بالمصدر: Work cat.: (OSt): ابن عبد ربه، محمد بن علي بن محمد, شرح المختار من شعر أبي الطيب المتنبي. الجزء الثاني /, 2011
